| 000 | 00986nam a22002777a 4500 | ||
|---|---|---|---|
| 005 | 20110318101114.0 | ||
| 008 | 110318t xxu||||| |||| 00| 0 eng d | ||
| 010 | _aENG-102165 | ||
| 020 |
_a9788125942504 _c250.00 |
||
| 035 | _aEN-85698 | ||
| 037 | _bDBAD/PUB | ||
| 040 |
_adpl _bEng |
||
| 082 | _a510.78 | ||
| 100 | 1 |
_926630 _aDatta, N. |
|
| 245 | 1 | 0 |
_aComputer oriented numerical methods / _cby N. Datta |
| 260 |
_aNoida _bVikas Publishing House _c2011 |
||
| 270 |
_aE-28, Sector-8 _bNoida _e201301 |
||
| 300 |
_axi,300p. _c23cm (pbk) |
||
| 490 |
_aVikas-GTU students'series _926667 |
||
| 500 | _aIncludes index | ||
| 650 | 0 | _926631 | |
| 700 | _926636 | ||
| 942 |
_2ddc _cEN _mDAT _h510.78 |
||
| 999 |
_c51141 _d51141 |
||